Quality in the constructed project : (Record no. 542047)
[ view plain ]
| 000 -LEADER | |
|---|---|
| fixed length control field | 00895cam a2200217 a 4500 |
| 020 ## - INTERNATIONAL STANDARD BOOK NUMBER | |
| International Standard Book Number | 0872627810 |
| 082 00 - DEWEY DECIMAL CLASSIFICATION NUMBER | |
| Classification number | 624.068 |
| Author Mark | AME |
| -- | D |
| 110 2# - MAIN ENTRY--CORPORATE NAME | |
| Corporate name or jurisdiction name as entry element | American Society of Civil Engineers. |
| 9 (RLIN) | 702 |
| 245 10 - TITLE STATEMENT | |
| Title | Quality in the constructed project : |
| Remainder of title | a guide for owners, designers, and constructors. |
| 260 ## - PUBLICATION, DISTRIBUTION, ETC. | |
| Place of publication, distribution, etc. | New York, N.Y. : |
| Name of publisher, distributor, etc. | American Society of Civil Engineers, |
| Date of publication, distribution, etc. | c1990- |
| 300 ## - PHYSICAL DESCRIPTION | |
| Extent | v. <1 > ; |
| Dimensions | 28 cm. |
| 490 1# - SERIES STATEMENT | |
| Series statement | Manuals and reports of engineering practice ; |
| 500 ## - GENERAL NOTE | |
| General note | "Revised version of the preliminary manual published in 1988." |
| 500 ## - GENERAL NOTE | |
| General note | Includes index. |
| 526 ## - STUDY PROGRAM INFORMATION NOTE | |
| Program name | 0 |
| Interest level | 0 |
| Reading level | 0 |
| Title point value | 624_068000000000000_AME |
| 650 #0 - SUBJECT ADDED ENTRY--TOPICAL TERM | |
| Topical term or geographic name entry element | Building |
| General subdivision | Quality control |
| -- | Handbooks, manuals, etc. |
| 9 (RLIN) | 37144 |
| 650 #0 - SUBJECT ADDED ENTRY--TOPICAL TERM | |
| Topical term or geographic name entry element | Civil engineering |
| General subdivision | Specifications |
| -- | Handbooks, manuals, etc. |
| 9 (RLIN) | 37145 |
| 650 #0 - SUBJECT ADDED ENTRY--TOPICAL TERM | |
| Topical term or geographic name entry element | Engineering |
| General subdivision | Management |
| -- | Handbooks, manuals, etc. |
| 9 (RLIN) | 37146 |
| 650 #0 - SUBJECT ADDED ENTRY--TOPICAL TERM | |
| Topical term or geographic name entry element | MCE |
| 9 (RLIN) | 379 |
| 942 ## - ADDED ENTRY ELEMENTS (KOHA) | |
| Source of classification or shelving scheme | |
| Koha item type | Book |
| Withdrawn status | Lost status | Source of classification or shelving scheme | Damaged status | Not for loan | Permanent Location | Current Location | Date acquired | Total Checkouts | Full call number | Barcode | Date last seen | Price effective from | Koha item type |
|---|---|---|---|---|---|---|---|---|---|---|---|---|---|
| Military College of Engineering (MCE) | Military College of Engineering (MCE) | 09/18/2013 | 624.068 AME | MCE-43325 | 09/18/2013 | 09/18/2013 | Book |
